000 00239nam a2200097Ia 4500
001 796704
005 20250826170753.0
008 250824s9999 xx 000 0 und d
245 0 _aMUTLU PRENS
_cOSCAR WİLDE
260 _bSEDİR YAYINLARI A.Ş.
999 _c796704
_d796704